| 000 | 00536 a2200217 4500 | ||
|---|---|---|---|
| 001 | sjds | ||
| 003 | sjds | ||
| 005 | 20240604172441.0 | ||
| 008 | 240604b |||||||| |||| 00| 0 spa d | ||
| 020 | _a799070590411 | ||
| 024 |
_2UPC _a799070590411 |
||
| 040 | _csjds | ||
| 041 | _aspa | ||
| 100 | _aCowley, Joy | ||
| 245 | 1 | 3 |
_aEl pollito amarillo / _cJoy Cowley |
| 246 | _aEl pollito amarillo | ||
| 260 |
_aBothell, WA : _bThe Wright Group, _c1999 |
||
| 300 | _a1 vol | ||
| 440 |
_a Sunshine in Spanish. _nGrade 1 |
||
| 942 | _cBK | ||
| 999 |
_c29733 _d29731 |
||